| 000 | 00524nam a22001697a 4500 | ||
|---|---|---|---|
| 999 |
_c8924 _d8924 |
||
| 008 | 210305b ||||| |||| 00| 0 eng d | ||
| 040 | _aBMS College of Architecture | ||
| 100 | _aS, K, Amogha | ||
| 245 | _aDesign academy at Lakshmipura Bangaluru | ||
| 300 | _aNA | ||
| 500 | _a1BM08AT004 | ||
| 502 |
_8B.Arch _NBMS College of Architecture, Visvesvaraya Technological University (VTU) _aProject Report _d2013 |
||
| 650 | _aLakshmipura | ||
| 700 |
_aVaseem A S _eGuide |
||
| 700 |
_aSathish S Rao _eGuide |
||
| 942 |
_2ddc _cTHE |
||